|
|
|
|
| LEADER |
02041nam a2200289 i 4500 |
| 003 |
GR-PaULI |
| 005 |
20210422200034.0 |
| 008 |
201012s2003 gr ae g b 00| 0 gre d |
| 952 |
|
|
|0 0
|1 0
|2 ddc
|4 0
|6 723_249000000000000_565_ΒΕΛ
|7 0
|9 323505
|a LISP
|b LISP
|c BSC
|d 2021-02-12
|i 150898
|l 0
|o 723.249 565 ΒΕΛ
|p 025000277435
|r 2021-02-12 00:00:00
|t 1
|w 2021-02-12
|y BK15
|
| 999 |
|
|
|c 147505
|d 147505
|
| 020 |
|
|
|a 9604040243
|
| 040 |
|
|
|a GR-PaULI
|b gre
|c GR-PaULI
|d GR-AiPI
|e AACR2
|
| 082 |
0 |
4 |
|a 723.249 565
|2 22
|
| 100 |
1 |
|
|9 25802
|a Βελένης, Γεώργιος Μ.
|e συγγραφέας.
|
| 245 |
1 |
0 |
|a Μεσοβυζαντινή ναοδομία στη Θεσσαλονίκη :
|b μνήμη Μανόλη Χατζηδάκη, Ακαδημία Αθηνών, 5 Μαρτίου 2002 /
|c Γεώργιος Μ. Βελένης ; μετάφραση περίληψης David Turner ; επιμέλεια Ιωάννα Μπίθα.
|
| 260 |
|
|
|a Αθήνα :
|b Ακαδημία Αθηνών. Κέντρο ΄Ερευνας της Βυζαντινής και Μεταβυζαντινής Τέχνης,
|c 2003.
|
| 300 |
|
|
|a 117 σ. :
|b εικ., ;
|c 25 εκ.
|
| 500 |
|
|
|a "Το τρίτο τεύχος της σειράς "Μνήμη Μανόλη Χατζηδάκη" με την ομιλία του Γεωργίου Μ. Βελένη.."
|
| 504 |
|
|
|6 Περιλαμβάνει βιβλιογραφικές παραπομπές.
|
| 600 |
|
4 |
|9 183677
|a Χατζηδάκης Μανώλης
|d 1909-1998
|
| 650 |
|
4 |
|9 102552
|a Βυζαντινή αρχιτεκτονική
|z Ελλάδα
|z Θεσσαλονίκη.
|
| 650 |
|
4 |
|a Εκκλησιαστική αρχιτεκτονική
|z Ελλάδα
|z Θεσσαλονίκη
|9 102553
|
| 700 |
1 |
|
|9 31197
|a Turner, David R.
|e μεταφραστής.
|
| 700 |
1 |
|
|9 27907
|a Μπίθα, Ιωάννα
|e επιμελητής.
|
| 710 |
2 |
|
|9 183678
|a Ακαδημία Αθηνών
|b Κέντρο 'Ερευνας της Βυζαντινής και Μεταβυζαντινής Τέχνης.
|
| 942 |
|
|
|2 ddc
|c BK15
|
| 998 |
|
|
|c ΚΟΚΟΤΟΥ
|d 2020-10
|